000
00322 a2200157 4500
001
58531
020
_a
040
_c
Anchieta - Pituba
100
_a
Novato, Maria Lúcia Prisco
240
1
0
_a
Arquimimo
_l
por
245
1
0
_a
Arquimimo
300
_a
388
362
0
_a
1998
650
4
_a
Ficção brasileira
942
_c
BK
999
_c
58531
_d
58531